| 000 | 00733nam a22001817a 4500 | ||
|---|---|---|---|
| 082 |
_a624.18334 _bCON _cL-19,P-109 |
||
| 110 |
_aUS Department or Interior Water and Power Resources Service _943138 |
||
| 245 |
_aConcrete manual, A water resources technical publication. _bA manual for the control of concrete construction. _cUS Department or Interior Water and Power Resources Service |
||
| 250 | _a8th ed. | ||
| 260 |
_aUSA : _bCBS Publisher and Distributors, _c1990. |
||
| 300 | _axxxvi, 627 p. : | ||
| 526 |
_a0 _b0 _c0 _d624_183340000000000_CON |
||
| 526 |
_a0 _b0 _c0 _d624_183340000000000_CON |
||
| 526 |
_a0 _b0 _c0 _d624_183340000000000_CON |
||
| 526 |
_a0 _b0 _c0 _d624_183400000000000_CON |
||
| 650 |
_aMCE _9379 |
||
| 942 |
_2ddc _cBK |
||
| 999 |
_c546942 _d546942 |
||